000 00683cam a2200217 a 4500
001 000014259
003 DO-SdBNP
005 20231113095235.0
008 771130s1973 sp b 001 0 spa
040 _aDO-SdBNP
_bspa
_cBNPHU
082 4 _a330.97295
_bS211e, 1973
_222
100 1 _aSánchez Tarniella, Andrés.
_932197
245 1 3 _aLa economía de Puerto Rico :
_betapas en su desarrollo /
_cAndrés Sánchez Tarniella.
250 _a3a. ed.
260 _aMadrid :
_bBayoán,
_c1973.
300 _a251 p. ;
_c21 cm.
504 _aBibliografía: p. 225-229.
651 4 _aPuerto Rico
_xCondiciones económicas.
_916159
910 _aCatalogación derivada
942 _2ddc
_cLBS1
999 _c13855
_d13855